| 000 | 01167nas a2200289 c 4500 | ||
|---|---|---|---|
| 999 |
_c293204 _d293204 |
||
| 003 | BLK | ||
| 005 | 20191120105009.0 | ||
| 008 | 180413b bul rap|r|||| |0| c1bulo| | ||
| 010 | _aPRD00000109000 | ||
| 022 | _a0204-9651 | ||
| 040 | _aBLK | ||
| 041 |
_aSPA _cDRU |
||
| 080 |
_aДейност на международни и междудържавни организации _b327.7 _z327.7 |
||
| 080 |
_aЕсперанто _b811.922 _z811.922 |
||
| 110 | 1 |
_aOrgano de Bulgara Esperantista Asocio _eRed. kom. : Georgi Mihalkov - cefred. et al. _9359375 |
|
| 245 | 1 | 0 |
_aBULGARA ESPERANTISTO _cOrgano de Bulgara Esperantista Asocio ; Red. kom. : Georgi Mihalkov - cefred. et al. _fНачална год. на издаване: Год.1, №1 (1919), |
| 257 | _aBGR | ||
| 260 |
_bBEA _c1965 _fБез сведение за печ. |
||
| 300 | _c20 | ||
| 310 |
_cдепозит за: 2007 _eсрок за съхранение: 99 |
||
| 380 | _a80 | ||
| 490 |
_9396381 _aЧастна колекция - Академик Михаил Арнаудов _gДарение - Основен фонд |
||
| 852 | _aА 1543 | ||
| 852 | _aМА 5052 | ||
| 856 |
_qpdf _u |
||
| 856 |
_qpdf _u |
||
| 942 |
_cJOU _n0 _s1 |
||
| 944 |
_aCR _cВаня_Йорданова _k21.01.2003 |
||
| 944 |
_aED _cВася_Ганчева _k09.03.2018 |
||
| 999 | _d293204 | ||
| 999 | _d293204 | ||
| 999 | _d293204 | ||
| 999 | _d293204 | ||
| 999 | _d293204 | ||